000 00744nam a2200289Ia 4500
005 20260324134027.0
008 008 260324s9999 xx 000 0 eng d
020 _a9781315235813
037 _aEBOOK
040 _aCRL
040 _beng
040 _cCRL
041 _2eng
041 _aeng
084 _qCRL
100 _aLindy Strudwick
_91195303
245 0 _aTraining for Assessors
245 2 _bA Collection of Activities for Training Assessment Centre Assessors, Roleplayers and Resource Persons
260 _bTaylor and Francis
260 _c2002
365 _a
365 _b300
856 _uhttp://www.taylorfrancis.com/books/9781315235813
942 _cEBOOK
999 _c1794937
_d1794937